Statistics for Top 50 Craft Beer Breweries in the United States

Click here to take the quiz!

General Stats

  • This quiz has been taken 120 times
  • The average score is 7 of 50

Answer Stats

LocationBrewery% Correct
CASierra Nevada
62%
PAYuengling
51%
MIBells
47%
CONew Belgium
42%
DEDogfish Head
33%
CAStone
29%
NYBrooklyn
25%
ORDeschutes
25%
LAAbita
21%
MAHarpoon
21%
WINew Glarus
21%
OHGreat Lakes
20%
MNSurly
20%
ORRogue Ales
18%
COLeft Hand
17%
MEAllagash
15%
GASweetwater
15%
AKAlaskan
14%
CAAnchor
14%
COAvery
13%
MABoston Beer
13%
RINarragansett
11%
COOdell
10%
MDFlying Dog
9%
ORFull Sail
9%
PATroegs
9%
UTUinta
9%
COOskar Blues
8%
MNSummit
8%
ILRevolution
7%
CA21st Amendment
6%
MNAugust Schell
6%
MultipleDuvel
6%
CANorth Coast
6%
CAGreen Flash
5%
NYSixpoint
5%
CABear Republic
4%
TXGambrinus
4%
VTLong Trail
4%
ORNinkasi
4%
PA/NYArtisanal Brewing
3%
NYMatt
3%
MEShipyard
3%
WIStevens Point
3%
CAGordon Biersch
2%
TXReal Ale
2%
CAKarl Strauss
1%
CALost Coast
1%
WIMinhas
1%
CABJs
0%

Score Distribution

Percentile by Number Answered

Percent of People with Each Score

Your Score History

You have not taken this quiz